| 000 | 00791nam a2200229 a 4500 | ||
|---|---|---|---|
| 001 | 49186 | ||
| 003 | BD-RjUL | ||
| 005 | 20211209054639.0 | ||
| 008 | 160818s1983 bg |||| ||| 000 0 ben d | ||
| 020 | _c: Tk. 10.00 | ||
| 035 | _a(BD-RjUL)49305 | ||
| 040 |
_aBD-RjUL _bben _cBD-RjUL _dBD-RjUL |
||
| 041 | _aben | ||
| 082 |
_223 _a891.441 _bKUP 1983 |
||
| 100 | 1 |
_aকুমকুম, কমল _9147849 |
|
| 245 | 1 | 0 |
_aপড়ে আছি প্রেমহীন রাজপথে / _cকমল কুমকুম |
| 260 |
_aঢাকা : _bপূর্বাশা প্রকাশন, _c১৯৮৩ [১৩৮৯] |
||
| 300 |
_a৪৮ পৃ. ; _c২১ সেমি. |
||
| 650 |
_aবাংলা কবিতা _9147850 |
||
| 650 |
_aBengali poetry _9147851 |
||
| 942 |
_2ddc _cBK |
||
| 999 |
_c49186 _d49186 |
||